000 00756nam a2200289Ia 4500
005 20260324130402.0
008 008 260324s9999 xx 000 0 eng d
020 _a9780203836552
037 _aEBOOK
040 _aCRL
040 _beng
040 _cCRL
041 _2eng
041 _aeng
084 _qCRL
100 _aDavid F O'Connell; Bruce Carruth; Deborah Bevvino
_91181562
245 0 _aManaging Your Recovery from Addiction
245 2 _bA Guide for Executives, Senior Managers, and Other Professionals
260 _bTaylor and Francis
260 _c2007
365 _a
365 _b240
856 _uhttp://www.taylorfrancis.com/books/9780203836552
942 _cEBOOK
999 _c1777713
_d1777713